Stolice Europy i ostatnia litera - Statystyki

Ogólne statystyki
  • Ten quiz został rozwiązany 68 razy
    38 od ostatniego zresetowania
  • Średni wynik to 14 z 16
Statystyki odpowiedzi
# Stolica % Poprawnych
A Ankara / Andora / Astana / Bratysława / Bruksela / Kopenhaga / Lizbona / Lublana / Moskwa / Podgorica / Praga / Prisztina / Ryga / Sofia / Tirana / Valletta / Warszawa
100%
N Berlin / Tallinn / Dublin / Londyn / Watykan
100%
O Berno / Wilno / San Marino / Sarajewo / Monako / Oslo
100%
T Bukareszt / Budapeszt / Madryt
100%
K Reykjavik / Mińsk
100%
M Rzym / Sztokholm
94%
I Helsinki
92%
W Kijów / Kiszyniów
89%
Y Ateny
86%
G Luksemburg
86%
Ż Paryż
86%
B Zagrzeb
86%
D Belgrad
78%
Ń Wiedeń
78%
Z Vaduz
75%
E Skopje
69%
Nie znaleziono quizów pasujących do podanych kryteriów
Rozkład punktacji
Procent ludzi z każdym wynikiem
Percentyl według liczby udzielonych odpowiedzi
Twoja historia wyników
Nie rozwiązałeś tego quizu od ostatniego zresetowania